| 000 | 00660cam a2200193 i 4500 | ||
|---|---|---|---|
| 005 | 20251207115059.0 | ||
| 008 | 250721s2002 jo gr 000 0 ara d | ||
| 082 | 1 | 4 |
_a214.5 _bع ط و |
| 100 | 1 |
_aعطون، أحمد موسى _eمعد. |
|
| 245 | 1 | 2 |
_aالموت و عذاب القبر و يليه التوهم / _cاعداد احمد موسى عطون ابو عرام. |
| 250 | _aالطبعه الاولى. | ||
| 264 | 3 | 1 |
_aعمان : _bدار البيت العتيق، _c2002. |
| 300 | _a104صفحه. | ||
| 650 | 1 | 7 | _aالإسلام. |
| 650 | 1 | 7 | _aالوفاة. |
| 650 | 1 | 7 | _aعذاب القبر. |
| 942 |
_2ddc _cBK |
||
| 999 |
_c94438 _d94438 |
||